Newnes 8086 family pocket book : up to and including 80486 (Record no. 52221)

MARC details
000 -LEADER
fixed length control field 00603nam a2200169 a 4500
008 - FIXED-LENGTH DATA ELEMENTS--GENERAL INFORMATION
fixed length control field 120416s1990 ||||||||||||||||| || u
020 ## - INTERNATIONAL STANDARD BOOK NUMBER
International Standard Book Number 0434918725
050 ## - LIBRARY OF CONGRESS CALL NUMBER
Classification number QA 76.8 SIN
100 ## - MAIN ENTRY--PERSONAL NAME
Personal name Sinclair, Ian
245 10 - TITLE STATEMENT
Title Newnes 8086 family pocket book : up to and including 80486
260 ## - PUBLICATION, DISTRIBUTION, ETC.
Place of publication, distribution, etc. Oxford
Name of publisher, distributor, etc. Heinemann Newnes
Date of publication, distribution, etc. 1990
300 ## - PHYSICAL DESCRIPTION
Extent 342 p. : ill.
350 ## - PRICE (NR) (BK AM CF MU VM SE) [OBSOLETE]
Price 0.00
650 ## - SUBJECT ADDED ENTRY--TOPICAL TERM
Topical term or geographic name entry element Intel 80xxx series microprocessors
650 ## - SUBJECT ADDED ENTRY--TOPICAL TERM
Topical term or geographic name entry element Intel 8086 (Microprocessor)
995 ## - RECOMMENDATION 995 [LOCAL, UNIMARC FRANCE]
-- 0.00
-- CBU-MAIN LIBRARY (Kitwe)
-- 1
-- 25.95
-- 733568
-- REFERENCE
-- Reference Collection
Holdings
Withdrawn status Lost status Source of classification or shelving scheme Damaged status Not for loan Home library Current library Shelving location Date acquired Total Checkouts Full call number Barcode Date last seen Price effective from Koha item type
          CBU-MAIN LIBRARY, KITWE. CBU-MAIN LIBRARY, KITWE.   11/30/2022   QA 76.8 SIN 45409 11/30/2022 11/30/2022 MONOGRAPH